00326nam a2200133Ia 4500008004100000020001500041041001200056100001600068245005200084260002500136300000800161650001000169700001300179221030s9999 xx 000 0 und d a0070681811 aEnglish aK. L. Kumar 0aEngineering Mechanicscby K. L. Kumar, V. Kumar bTMHaNew Delhic2013 a675 aCivil aV. Kumar